The Crises of Civilization: (Record no. 180590)
[ view plain ]
| 000 -LEADER | |
|---|---|
| fixed length control field | 00640nam a22001937a 4500 |
| 005 - DATE AND TIME OF LATEST TRANSACTION | |
| control field | 20210812113407.0 |
| 010 ## - LCCN (DPL NO) | |
| LC control number | ENG-129837 |
| 020 ## - INTERNATIONAL STANDARD BOOK NUMBER | |
| Terms of availability | 995.00 |
| International Standard Book Number | 978-0-19-948673-1 |
| 035 ## - SYSTEM CONTROL NUMBER | |
| System control number | EN-113369 |
| 037 ## - SOURCE OF ACQUISITION | |
| Source of stock number/acquisition | DBAD/PUB |
| 082 ## - DEWEY DECIMAL CLASSIFICATION NUMBER | |
| Classification number | 909.08 |
| 100 ## - MAIN ENTRY--PERSONAL NAME | |
| Personal name | Chakrabarty, Dipesh |
| 245 ## - TITLE STATEMENT | |
| Title | The Crises of Civilization: |
| Remainder of title | Exploring Global and Planetary Histories/ |
| Statement of responsibility, etc | Dipesh Chakrabarty |
| 250 ## - EDITION STATEMENT | |
| Edition statement | 2018 |
| 260 ## - PUBLICATION, DISTRIBUTION, ETC. (IMPRINT) | |
| Name of publisher, distributor, etc | Oxford University press |
| Date of publication, distribution, etc | 2018 |
| Place of publication, distribution, etc | New Delhi |
| 270 ## - ADDRESS | |
| Address | 2/11 Ground floor,Ansari Road,Daryaganj |
| City | New Delhi |
| Postal code | 110002 |
| 300 ## - PHYSICAL DESCRIPTION | |
| Extent | 287 p. |
| Dimensions | 22cm (hbk) |
| Other physical details | Bibiliography, Index |
| 942 ## - ADDED ENTRY ELEMENTS (KOHA) | |
| Source of classification or shelving scheme | Dewey Decimal Classification |
| Item type | English Books |
| Classification part | 909.08 |
| Call number prefix | CHA |
| Withdrawn status | Lost status | Not for loan | Collection code | Home library | Current library | Date acquired | Source of acquisition | Cost, normal purchase price | Full call number | Barcode | Copy number | Cost, replacement price | Koha item type |
|---|---|---|---|---|---|---|---|---|---|---|---|---|---|
| Non-fiction | Shahdara Branch | Shahdara Branch | 12/08/2021 | DBAD/PUB | 995.00 | 909.08 | EN-113369 | 1 | 995.00 | English Books |
